Statistics for NFL Teams by Establishment Date

Click here to take the quiz!

General Stats

  • This quiz has been taken 42 times
  • The average score is 12 of 32

Answer Stats

DateTeam% Correct
1919Green Bay Packers
86%
1898Arizona Cardinals
82%
1920Chicago Bears
82%
1925New York Giants
68%
1930Detroit Lions
64%
1932Washington Commanders
54%
1999Houston Texans
50%
1933Philadelphia Eagles
50%
1944Cleveland Browns
46%
1933Pittsburgh Steelers
43%
1993Jacksonville Jaguars
39%
1959Kansas City Chiefs
39%
1993Carolina Panthers
36%
1960Dallas Cowboys
36%
1959Denver Broncos
36%
1953Indianapolis Colts
36%
1936Los Angeles Rams
36%
1996Baltimore Ravens
32%
1944San Francisco 49ers
32%
1959Buffalo Bills
29%
1959Los Angeles Chargers
29%
1959New England Patriots
29%
1967Cincinnati Bengals
25%
1960Minnesota Vikings
25%
1974Tampa Bay Buccaneers
25%
1965Atlanta Falcons
21%
1965Miami Dolphins
21%
1959New York Jets
21%
1974Seattle Seahawks
21%
1960Las Vegas Raiders
18%
1966New Orleans Saints
18%
1959Tennessee Titans
18%

Score Distribution

Percentile by Number Answered

Percent of People with Each Score

Your Score History

You have not taken this quiz